Michael Van Valkenburgh Associates : (Record no. 7628)

000 -LEADER
fixed length control field 01760cam a22002417a 4500
003 - CONTROL NUMBER IDENTIFIER
control field OSt
005 - DATE AND TIME OF LATEST TRANSACTION
control field 20200317110541.0
008 - FIXED-LENGTH DATA ELEMENTS--GENERAL INFORMATION
fixed length control field 081016s2009 ctuabe b 001 0 eng
020 ## - INTERNATIONAL STANDARD BOOK NUMBER
International Standard Book Number 9780300135855 (hbk.)
040 ## - CATALOGING SOURCE
Original cataloging agency UKM
Transcribing agency UKM
Modifying agency BTCTA
-- YDXCP
-- BWX
-- CDX
-- AGL
-- TXA
-- YBM
-- GZM
-- DLC
082 04 - DEWEY DECIMAL CLASSIFICATION NUMBER
Classification number 712.091
Edition number 22
Item number BER
245 00 - TITLE STATEMENT
Title Michael Van Valkenburgh Associates :
Remainder of title reconstructing urban landscapes /
Statement of responsibility, etc edited by Anita Berrizbeitia ; foreword by Paul Goldberger.
246 10 - VARYING FORM OF TITLE
Title proper/short title Reconstructing urban landscapes
260 ## - PUBLICATION, DISTRIBUTION, ETC. (IMPRINT)
Place of publication, distribution, etc New Haven, Conn. ;
-- London :
Name of publisher, distributor, etc Yale University Press,
Date of publication, distribution, etc c2009.
300 ## - PHYSICAL DESCRIPTION
Extent 320 p. :
Other physical details ill., maps, plans ;
Dimensions 29 cm.
504 ## - BIBLIOGRAPHY, ETC. NOTE
Bibliography, etc Includes bibliographical references (p. 292-302) and index.
505 0# - FORMATTED CONTENTS NOTE
Formatted contents note Foreword / Paul Goldberger -- MVVA in context / Anita Berrizbeitia -- Mill Race Park: at the threshold / Jane Amidon -- Allegheny Riverfront Park: material, event, sensation / Jane Amidon -- Herman Miller Factory : suburban sublime / Elissa Rosenberg -- Tahari Courtyards: material connections / Linda Pollak -- Alumnae Valley, Wellesley College: redefining the campus landscape / Peter Fergusson -- Teardrop Park: elective affinities / Erik de Jong -- A landscape-based approach to the design of three plazas: Bailey Plaza, Cornell University, Boston Children's Museum, Union Square Park's North End, New York / Rachel Gleeson -- Brooklyn Bridge Park: the complex edge / Ethan Carr -- Metaphor remediation: a new ecology for the city: The High Line competition, Toronto Port Lands competition / Andrew Blum.
610 20 - SUBJECT ADDED ENTRY--CORPORATE NAME
Corporate name or jurisdiction name as entry element Michael Van Valkenburgh Associates.
650 #0 - SUBJECT ADDED ENTRY--TOPICAL TERM
Topical term or geographic name as entry element Urban landscape architecture
Geographic subdivision United States
Form subdivision Case studies.
700 1# - ADDED ENTRY--PERSONAL NAME
Personal name Berrizbeitia, Anita.
710 2# - ADDED ENTRY--CORPORATE NAME
Corporate name or jurisdiction name as entry element Michael Van Valkenburgh Associates.
942 ## - ADDED ENTRY ELEMENTS (KOHA)
Source of classification or shelving scheme
Holdings
Withdrawn status Lost status Source of classification or shelving scheme Damaged status Koha normalized classification for sorting Not for loan Permanent location Current location Date acquired Full call number Barcode Date last seen Price effective from Koha item type
        712_091000000000000_BER   BMS College of Architecture, Design and Planning BMS College of Architecture, Design and Planning 2020-03-17 712.091 BER AR-PG247 2020-03-17 2020-03-17 PG Books
Copyright © 2025, The Librarian, Library and Information Centre, BMSCA D&P, Bengaluru. All Rights Reserved
web counter

Powered by Koha